LEADER 01086nam a2200265 i 4500 001 000000039070 003 CaOOAMICUS 005 20090330000000.0 008 090330s1991 it u000 u ita u 013 $a9769 020 $a88-343-2532-X 040 $aSeMil$bita 100 1 $aAcerbi, Antonio <1935-2004>.$0(OLS)http://semarc/name/15858 245 10$aChiesa e democrazia :$bda Leone 13. al Vaticano 2. /$cAntonio Acerbi. 260 $aMilano :$bVita e Pensiero,$c1991. 300 $aIX, 350 p. ;$c23 cm. 490 0 $aCultura e storia ;$v3 650 4$aChiesa cattolica - Dottrina sociale.$0(OLS)http://semarc/subject/330 830 0$aCultura e storia ;$v3.$0(OLS)http://semarc/title/6933 850 $aSeMil 852 $aSeMil$W1$xVenegono$y1$m3A III 200$j5225$B5225$CSeMilBibl$Z2$F5225 $81 961 $aAcquisto: Distributore 996 $6020$a88-343-2532-X$9(OLS)http://semarc/number/8614 996 $6245$aChiesa e democrazia :$bda Leone 13. al Vaticano 2.$9(OLS)http://semarc/title/55446 996 $6260$aMilano :$bVita e Pensiero$9(OLS)http://semarc/publisher/29642 LEADER 01247nam a2200313 i 4500 001 000000109207 003 CaOOAMICUS 005 20250716094725.0 008 080812s1990 it u000 u ita u 013 $a81887 020 $a88-211-6278-8 040 $aSeMil$bita 100 1 $aLévinas, Emmanuel,$d<1906-1995>.$0(OLS)http://semarc/name/18680 240 10$aTranscendance et intelligibilité.$0(OLS)http://semarc/title/158497 245 10$aTrascendenza e intelligibilità /$cEmmanuel Levinas ; a cura di Franco Camera. 260 $aGenova :$bMarietti,$c1990. 300 $a89 p. ;$c18 cm. 490 0 $aI rombi ;$v4 650 4$aTrascendenza.$0(OLS)http://semarc/subject/2268 700 1 $aCamera, Franco.$0(OLS)http://semarc/name/15938 830 2$aI rombi ;$v4.$0(OLS)http://semarc/title/10234 850 $aSeMil 852 $aSeMil$W1$xVenegono$y1$m2P II 135$j65213$B65213$CSeMilBibl$Z2$F100115 $81 941 1 $a4 961 $aOmaggio: Martini Card. Carlo Maria 996 $6020$a88-211-6278-8$9(OLS)http://semarc/number/90443 996 $6245$aTrascendenza e intelligibilità$9(OLS)http://semarc/title/158496 996 $6260$aGenova :$bMarietti$9(OLS)http://semarc/publisher/29997